000 00202nam a22000857a 4500
008 170118b xxu||||| |||| 00| 0 eng d
100 _92471
_aCBSE
245 _aEnglish-F.A-IX
260 _aNew Delhi
_bCBSE
_c2010
999 _c5535
_d5535